El Cobre : Metalurgia Extractiva
| Main Author: | |
|---|---|
| Format: | Section = Libro |
| Language: | Undetermined Spanish |
| Published: |
México
Limusa
1993
|
| Subjects: |
| LEADER | 00489nam a2200181Ia 4500 | ||
|---|---|---|---|
| 008 | 240829s9999 xx 000 0 und d | ||
| 040 | |a BIBLIOTECA-RUPAP 669.3 B621 | ||
| 041 | |a spa | ||
| 082 | |a 669.3 B621 | ||
| 100 | 1 | |a Biswas, A.K. | |
| 245 | 1 | 0 | |a El Cobre : Metalurgia Extractiva |
| 260 | |a México |b Limusa |c 1993 | ||
| 300 | |a 470 p. :il. | ||
| 650 | 7 | |a METALURGIA-COBRE | |
| 650 | 7 | |b COBRE-INDUSTRIA. I. Davenpert, W.G., coaut. II. Tít. | |
| 942 | |c BK |2 ddc | ||
| 991 | |a TEXTO | ||
| 999 | |c 10242 | ||